Oeuvres de Collin d'Hauteville (Record no. 169860)
[ view plain ]
| 000 -LEADER | |
|---|---|
| campo de control de longitud fija | 00937nam a2200205 i 4500 |
| 001 - NÚMERO DE CONTROL | |
| campo de control | 169860 |
| 003 - IDENTIFICADOR DE NÚMERO DE CONTROL | |
| campo de control | ES-MaACL |
| 005 - FECHA Y HORA DE LA ÚLTIMA TRANSACCIÓN | |
| campo de control | 20230906214225.0 |
| 008 - DATOS DE LONGITUD FIJA--INFORMACIÓN GENERAL | |
| campo de control de longitud fija | 081209s1834 fr |||| | fre d |
| 100 1# - ENTRADA PRINCIPAL--NOMBRE DE PERSONA | |
| Nombre de persona | Collin d'Harleville, Jean-François. |
| 9 (RLIN) | 139055 |
| 245 10 - MENCIÓN DEL TÍTULO | |
| Título | Oeuvres de Collin d'Hauteville |
| Resto del título | : précédées d'un fragment sur sa vie, écrit par lui-même. |
| 260 ## - PUBLICACIÓN, DISTRIBUCIÓN, ETC. | |
| Lugar de publicación, distribución, etc. | Paris : |
| Nombre del editor, distribuidor, etc. | Lebigre Frères, |
| Fecha de publicación, distribución, etc. | 1834 ( |
| Lugar de fabricación/manufactura | Imp. de Marchand du Breuil) |
| 300 ## - DESCRIPCIÓN FÍSICA | |
| Extensión | 2 v. ; |
| Dimensiones | 14 cm. |
| 500 ## - NOTA GENERAL | |
| Nota general | Tomos I y II: faltos de port. |
| 500 ## - NOTA GENERAL | |
| Nota general | Tomo I: faltan p.7-10. |
| 500 ## - NOTA GENERAL | |
| Nota general | Índices. |
| 505 8# - NOTA DE CONTENIDO CON FORMATO | |
| Nota de contenido con formato | Contiene: V.1: t. I. L'Inconstant ; L'Optimiste ; Monsieur de Crac.- t. II. Les chateaux en Espagne ; Le vieux célibataire. -- V.2 : t. III. Les moeurs du jour ; Le vieillard et les jeunes gens.- t. IV. Poésies fugitives. |
| 597 ## - NOTA DE DESCRIPCIÓN FÍSICA | |
| NOTA DE DESCRIPCIÓN FÍSICA | 4 tomos en 2 v. |
| 852 4# - LOCALIZACIÓN | |
| Ubicación | ES-MaACL |
| Número de control de estantería | E-12328-9 |
| itemnumber | R.190473 |
| Nota libre | - Biblioteca Jacinto Martínez Lacalle |
| Estatus retirado | Estado de pérdida | Estado de daño | No para préstamo | Colección | Biblioteca de origen | Biblioteca actual | Ubicación en estantería | Fecha de adquisición | Fuente de adquisición | Total de préstamos | Signatura topográfica completa | Código de barras | Visto por última vez | Precio de reemplazo | Tipo de ítem Koha |
|---|---|---|---|---|---|---|---|---|---|---|---|---|---|---|---|
| Libros del s. XIX | Biblioteca del Ateneo de Madrid | Biblioteca del Ateneo de Madrid | Depósito 2 | 09/12/2008 | E-12328-9 | 1178335 | 23/02/2023 | 23/02/2023 | Libro impreso antiguo |
